000 00259nam a2200097Ia 4500
001 762617
005 20250826165229.0
008 250824s9999 xx 000 0 und d
245 0 _aARTIK ARKADAŞ DEĞİLMİYİZ
_cNANCY KRULİK
260 _bBEYAZ BALİNA YAYINLARI
999 _c762617
_d762617